000 00330nam a22001457a 4500
020 _a978-81-300-1587-3
082 _a7268
_b894.812.3
100 _aAMEESH
245 _aNAGARMARUDE RAHASYAM
_bSIVAPURANAM 2
260 _aKOZHIKODE
_bPOORNA PUBLICATIONS
_c2014
300 _a386
520 _aNOVEL
650 _aNOVEL
942 _cBK
999 _c4696
_d4696